|
|
|
|
| LEADER |
01055nam a2200289 a 4500 |
| 001 |
2780 |
| 003 |
BD-DhAAL |
| 005 |
20150518111843.0 |
| 008 |
150518s1998 mauab b 000 0 eng |
| 010 |
|
|
|a 97029608
|
| 020 |
|
|
|a 0070578133 (vol. 1 : alk. paper)
|
| 020 |
|
|
|a 0070578141 (vol. 2 : alk. paper)
|
| 040 |
|
|
|a DLC
|c DLC
|d DLC
|d BD-DhAAL
|
| 050 |
0 |
0 |
|a CB69
|b .W66 1998
|
| 082 |
0 |
0 |
|a 909
|2 21
|
| 245 |
0 |
0 |
|a World civilizations :
|b sources, images, and interpretations /
|c edited by Dennis Sherman ... [et al.].
|
| 250 |
|
|
|a 2nd ed.
|
| 260 |
|
|
|a Boston, Mass. :
|b McGraw Hill,
|c c1998.
|
| 300 |
|
|
|a 2 v. :
|b ill., maps ;
|c 24 cm.
|
| 504 |
|
|
|a Includes bibliographical references.
|
| 541 |
|
|
|e 2780
|
| 650 |
|
0 |
|a Civilization
|x History
|x Sources
|v Textbooks.
|9 11134
|
| 650 |
|
0 |
|a Civilization
|x History
|v Textbooks.
|9 11135
|
| 700 |
1 |
|
|a Sherman, Dennis.
|9 11136
|
| 942 |
|
|
|2 ddc
|c BK
|
| 999 |
|
|
|c 34439
|d 34439
|
| 952 |
|
|
|0 0
|1 0
|2 ddc
|4 0
|6 909_000000000000000_WOR
|7 0
|9 53767
|a SCL
|b SCL
|c GEN
|d 2015-05-18
|g 1800.00
|l 0
|o 909 WOR
|p 3020002780
|r 2015-05-18
|t 1
|w 2015-05-18
|y BK
|